[Event "WTCC-50 2018"]
[Site "Radebeul"]
[Date "2018.07.11"]
[Round "5"]
[White "Jussupow, Artur"]
[Black "Emms, John M"]
[Result "1/2-1/2"]
[WhiteElo "2580"]
[BlackElo "2488"]
[Annotator "TA"]
[PlyCount "63"]
[EventDate "2018.07.07"]
[EventType "team-tourn"]
[EventCountry "GER"]
[SourceTitle "playchess.com"]
[Source "ChessBase"]
[SourceQuality "1"]

{[%evp 20,63,40,35,41,52,40,41,58,35,28,28,28,28,38,29,55,29,23,16,29,27,41,33,35,31,37,33,50,19,31,3,2,5,2,4,2,2,6,5,6,6,6,5,7,6]} 1. d4 Nf6 2. Nf3 e6 3. e3 c5 4. c4 a6 5. Nc3 d5 6. cxd5 exd5 7. g3 {D40: Queen's Gambit Declined: Semi-Tarrasch with 5 e3} (7. Be2 Nc6 8. O-O cxd4 9. exd4 Be7 10. Ne5 O-O 11. Nxc6 bxc6 12. Re1 Bd6 13. Bg5 Rb8 14. Qc2 Qb6 15. Bxf6 gxf6 16. Na4 Qxd4 17. Qxc6 {0-1 (29) Mamedyarov,S (2809)-Dubov,D (2701) Moscow 2018}) 7... Nc6 8. Bg2 Bd6 9. dxc5 Bxc5 10. O-O O-O 11. b3 {LiveBook: 8 Games} Be6 12. Bb2 Qe7 13. Ne2 Rac8 {[#]} 14. Ned4 $146 ({Predecessor:} 14. Nf4 Rfd8 {½-½ (52) Hebden,M (2530)-Emms,J (2502) Southend 2008}) 14... Nxd4 15. Nxd4 Ba3 16. Bxa3 Qxa3 17. Qd2 Bd7 18. Rfc1 Ne4 19. Qe1 Qb2 20. a4 h6 21. Rcb1 Qc3 22. Qxc3 Nxc3 23. Rc1 a5 24. Rc2 Ne4 $1 25. Rac1 Rxc2 {The position is equal.} 26. Rxc2 Rc8 $1 27. Rxc8+ Bxc8 28. Kf1 Kf8 29. Ke2 Ke7 30. f3 Nc5 31. Kd2 Bd7 32. Kc3 {Precision: White = 66%, Black = 56%.} 1/2-1/2

[Event "WTCC-50 2018"]
[Site "Radebeul"]
[Date "2018.07.11"]
[Round "5"]
[White "Ehlvest, Jaan"]
[Black "Schoene, Ralf"]
[Result "1-0"]
[WhiteElo "2536"]
[BlackElo "2256"]
[Annotator "ChessBase"]
[PlyCount "76"]
[EventDate "2018.07.07"]
[EventType "team-tourn"]
[EventCountry "GER"]
[SourceTitle "playchess.com"]
[Source "ChessBase"]
[SourceQuality "1"]
[TimeControl "40/5400+30:1800+30"]

1. e4 {[%emt 0:00:00]} e5 {[%emt 0:00:00]} 2. Nf3 {[%emt 0:00:00]} Nc6 {[%emt 0:00:00]} 3. Nc3 {[%emt 0:00:24]} Nf6 {[%emt 0:00:21]} 4. g3 {[%emt 0:00:06]} Bc5 {[%emt 0:04:11]} 5. Bg2 {[%emt 0:01:19]} d6 {[%emt 0:00:59]} 6. d3 {[%emt 0:00:34]} O-O {[%emt 0:03:10]} 7. O-O {[%emt 0:00:37]} Bg4 {[%emt 0:03:33]} 8. h3 {[%emt 0:00:14]} Bxf3 {[%emt 0:02:18]} 9. Bxf3 {[%emt 0:00:08]} a6 {[%emt 0:00:39]} 10. Bg2 {[%emt 0:00:08]} b5 {[%emt 0:07:54]} 11. a3 {[%emt 0:03:34]} Ne7 {[%emt 0:11:44]} 12. Kh2 {[%emt 0:03:06]} Ne8 {[%emt 0:05:47]} 13. Ne2 {[%emt 0:02:33]} c6 {[%emt 0:01:28]} 14. f4 {[%emt 0:01:13]} Ba7 {[%emt 0:09:30]} 15. c3 {[%emt 0:01:28]} c5 {[%emt 0:03:08]} 16. Ng1 {[%emt 0:04:06]} Rc8 {[%emt 0:02:18]} 17. f5 {[%emt 0:05:52]} d5 {[%emt 0:04:23]} 18. exd5 {[%emt 0:10:29]} Nxd5 {[%emt 0:00:11]} 19. Nf3 {[%emt 0:00:11]} Qd6 {[%emt 0:09:32]} 20. Ng5 {[%emt 0:07:28]} Nef6 {[%emt 0:01:09]} 21. Ne4 {[%emt 0:09:42]} Qb6 {[%emt 0:01:17]} 22. a4 {[%emt 0:02:23]} Nxe4 {[%emt 0:02:50]} 23. dxe4 {[%emt 0:05:07]} Nf6 {[%emt 0:01:02]} 24. axb5 {[%emt 0:00:08]} axb5 {[%emt 0:01:11]} 25. Be3 {[%emt 0:00:04]} Rfd8 {[%emt 0:04:33]} 26. Qe2 {[%emt 0:00:58]} Rd7 {[%emt 0:02:11]} 27. g4 {[%emt 0:00:19]} Qb8 {[%emt 0:01:55]} 28. g5 {[%emt 0:03:38]} Ne8 {[%emt 0:00:18]} 29. Rfd1 {[%emt 0:05:07]} Rxd1 {[%emt 0:02:43]} 30. Qxd1 {[%emt 0:00:19]} Rd8 {[%emt 0:01:12]} 31. Qe2 {[%emt 0:05:13]} Nd6 {[%emt 0:03:22]} 32. b3 {[%emt 0:02:20]} Bb6 {[%emt 0:01:40]} 33. c4 {[%emt 0:00:22]} bxc4 {[%emt 0:01:00]} 34. bxc4 {[%emt 0:00:05]} Qc7 {[%emt 0:00:40]} 35. Qa2 {[%emt 0:02:55]} Nc8 {[%emt 0:00:32]} 36. Qa4 {[%emt 0:03:58]} Na7 {[%emt 0:00:55]} 37. Rd1 {[%emt 0:00:36]} Kf8 {[%emt 0:06:15]} 38. f6 {[%emt 0:09:22]} Nc6 {[%emt 0:00:00]} 1-0

[Event "WTCC-50 2018"]
[Site "Radebeul"]
[Date "2018.07.11"]
[Round "5"]
[White "Schlosser, Philipp"]
[Black "Taggatz, Mario"]
[Result "1-0"]
[WhiteElo "2501"]
[BlackElo "2191"]
[Annotator "ChessBase"]
[PlyCount "81"]
[EventDate "2018.07.07"]
[EventType "team-tourn"]
[EventCountry "GER"]
[SourceTitle "playchess.com"]
[Source "ChessBase"]
[SourceQuality "1"]
[TimeControl "40/5400+30:1800+30"]

1. c4 {[%emt 0:01:45]} e5 {[%emt 0:00:07]} 2. Nc3 {[%emt 0:00:40]} d6 {[%emt 0:01:43]} 3. Nf3 {[%emt 0:04:58]} f5 {[%emt 0:00:28]} 4. d4 {[%emt 0:00:23]} e4 {[%emt 0:00:11]} 5. Ng5 {[%emt 0:00:06]} Be7 {[%emt 0:00:31]} 6. Nd5 {[%emt 0:01:46]} c6 {[%emt 0:02:47]} 7. Nxe7 {[%emt 0:00:27]} Qxe7 {[%emt 0:00:11]} 8. Nh3 {[%emt 0:08:08]} Nf6 {[%emt 0:01:38]} 9. Bf4 {[%emt 0:00:30]} O-O {[%emt 0:04:36]} 10. e3 {[%emt 0:00:14]} Rd8 {[%emt 0:05:52]} 11. Be2 {[%emt 0:10:54]} c5 {[%emt 0:01:56]} 12. O-O {[%emt 0:06:21]} Na6 {[%emt 0:08:41]} 13. Bg5 {[%emt 0:18:05]} Be6 {[%emt 0:09:57]} 14. f3 {[%emt 0:03:59]} exf3 {[%emt 0:04:16]} 15. Rxf3 {[%emt 0:02:16]} h6 {[%emt 0:06:27]} 16. Bxf6 {[%emt 0:01:38]} Qxf6 {[%emt 0:00:06]} 17. Nf4 {[%emt 0:03:01]} Nc7 {[%emt 0:05:53]} 18. Qd2 {[%emt 0:03:01]} Bf7 {[%emt 0:10:03]} 19. Raf1 {[%emt 0:01:54]} Qe7 {[%emt 0:02:14]} 20. Bd3 {[%emt 0:01:56]} g6 {[%emt 0:05:28]} 21. Rg3 {[%emt 0:03:14]} Kh7 {[%emt 0:03:25]} 22. Qf2 {[%emt 0:05:02]} Rg8 {[%emt 0:02:16]} 23. Ne2 {[%emt 0:02:42]} Raf8 {[%emt 0:02:10]} 24. Nc3 {[%emt 0:00:44]} Ne8 {[%emt 0:05:19]} 25. Rf3 {[%emt 0:03:21]} cxd4 {[%emt 0:03:49]} 26. exd4 {[%emt 0:00:15]} Nf6 {[%emt 0:03:37]} 27. h3 {[%emt 0:01:47]} Qc7 {[%emt 0:01:38]} 28. b3 {[%emt 0:05:21]} Rg7 {[%emt 0:02:40]} 29. Nb5 {[%emt 0:04:35]} Qb6 {[%emt 0:02:08]} 30. d5 {[%emt 0:00:35]} Qd8 {[%emt 0:01:44]} 31. Qxa7 {[%emt 0:00:17]} Nd7 {[%emt 0:00:36]} 32. Bb1 {[%emt 0:01:02]} Ne5 {[%emt 0:00:12]} 33. R3f2 {[%emt 0:00:26]} Qd7 {[%emt 0:00:41]} 34. Qb6 {[%emt 0:00:58]} Rd8 {[%emt 0:00:30]} 35. Qc7 {[%emt 0:00:47]} Be8 {[%emt 0:01:28]} 36. Qxd7 {[%emt 0:00:10]} Rgxd7 {[%emt 0:00:02]} 37. Nd4 {[%emt 0:01:12]} Bf7 {[%emt 0:00:18]} 38. Re2 {[%emt 0:01:06]} Re8 {[%emt 0:01:02]} 39. Nxf5 {[%emt 0:01:07]} Rdd8 {[%emt 0:02:10]} 40. Nd4 {[%emt 0:00:11]} Kg7 {[%emt 0:00:23]} 41. Rfe1 {[%emt 0:30:27]} 1-0

[Event "WTCC-50 2018"]
[Site "Radebeul"]
[Date "2018.07.11"]
[Round "5"]
[White "Speelman, Jon S"]
[Black "Graf, Alexander"]
[Result "1/2-1/2"]
[WhiteElo "2493"]
[BlackElo "2561"]
[Annotator "ChessBase"]
[PlyCount "89"]
[EventDate "2018.07.07"]
[EventType "team-tourn"]
[EventCountry "GER"]
[SourceTitle "playchess.com"]
[Source "ChessBase"]
[SourceQuality "1"]
[TimeControl "40/5400+30:1800+30"]

1. Nf3 {[%emt 0:00:06]} Nf6 {[%emt 0:00:00]} 2. c4 {[%emt 0:00:50]} e6 {[%emt 0:00:14]} 3. g3 {[%emt 0:02:12]} d5 {[%emt 0:04:37]} 4. d4 {[%emt 0:01:14]} Bb4+ {[%emt 0:03:17]} 5. Bd2 {[%emt 0:00:19]} Be7 {[%emt 0:00:13]} 6. Bg2 {[%emt 0:00:30]} O-O {[%emt 0:00:10]} 7. O-O {[%emt 0:00:06]} c6 {[%emt 0:00:45]} 8. Qc2 {[%emt 0:01:50]} b6 {[%emt 0:00:21]} 9. Rc1 {[%emt 0:11:03]} Bb7 {[%emt 0:10:26]} 10. Bg5 {[%emt 0:03:04]} h6 {[%emt 0:08:27]} 11. Bxf6 {[%emt 0:00:09]} Bxf6 {[%emt 0:00:08]} 12. Nbd2 {[%emt 0:01:56]} Na6 {[%emt 0:01:36]} 13. e4 {[%emt 0:01:13]} dxe4 {[%emt 0:13:57]} 14. Nxe4 {[%emt 0:01:48]} c5 {[%emt 0:01:13]} 15. Nxf6+ {[%emt 0:03:50]} Qxf6 {[%emt 0:00:15]} 16. Ng5 {[%emt 0:00:04]} hxg5 {[%emt 0:00:13]} 17. Bxb7 {[%emt 0:00:03]} Nb4 {[%emt 0:00:17]} 18. Qb3 {[%emt 0:00:53]} Rab8 {[%emt 0:01:03]} 19. Bg2 {[%emt 0:00:38]} Qf5 {[%emt 0:06:48]} 20. a3 {[%emt 0:06:35]} Nd3 {[%emt 0:01:23]} 21. Rd1 {[%emt 0:04:25]} Nxf2 {[%emt 0:03:31]} 22. Rf1 {[%emt 0:06:29]} Qd3 {[%emt 0:04:40]} 23. Qxd3 {[%emt 0:00:05]} Nxd3 {[%emt 0:00:07]} 24. d5 {[%emt 0:00:02]} Nxb2 {[%emt 0:00:16]} 25. Rfc1 {[%emt 0:01:21]} exd5 {[%emt 0:08:41]} 26. Bxd5 {[%emt 0:00:05]} Nd3 {[%emt 0:00:40]} 27. Rc3 {[%emt 0:04:23]} Ne5 {[%emt 0:01:45]} 28. Re3 {[%emt 0:02:04]} Ng4 {[%emt 0:00:10]} 29. Re7 {[%emt 0:00:05]} a5 {[%emt 0:00:07]} 30. Rae1 {[%emt 0:02:00]} Nf6 {[%emt 0:02:27]} 31. Ra7 {[%emt 0:01:33]} Nxd5 {[%emt 0:03:50]} 32. cxd5 {[%emt 0:00:04]} Rbd8 {[%emt 0:00:26]} 33. Re5 {[%emt 0:00:36]} Rd6 {[%emt 0:00:55]} 34. Rxg5 {[%emt 0:03:40]} Rfd8 {[%emt 0:00:19]} 35. Rb7 {[%emt 0:00:17]} c4 {[%emt 0:01:33]} 36. Rg4 {[%emt 0:06:18]} Rxd5 {[%emt 0:00:34]} 37. Rxc4 {[%emt 0:00:23]} Rd1+ {[%emt 0:07:25]} 38. Kg2 {[%emt 0:00:06]} R8d2+ {[%emt 0:01:20]} 39. Kh3 {[%emt 0:00:38]} Rh1 {[%emt 0:00:08]} 40. Rb8+ {[%emt 0:01:24]} Kh7 {[%emt 0:00:11]} 41. Rh4+ {[%emt 0:30:16]} Kg6 {[%emt 0:30:06]} 42. Rxb6+ {[%emt 0:00:04]} f6 {[%emt 0:01:51]} 43. Rg4+ {[%emt 0:00:07]} Kh5 {[%emt 0:03:22]} 44. Rh4+ {[%emt 0:00:11]} Kg5 {[%emt 0:03:37]} 45. Rg4+ {[%emt 0:00:06]} 1/2-1/2

[Event "WTCC-50 2018"]
[Site "Radebeul"]
[Date "2018.07.11"]
[Round "5"]
[White "Volke, Karsten"]
[Black "Rohrmueller, Ulrich"]
[Result "1/2-1/2"]
[WhiteElo "2474"]
[BlackElo "2205"]
[Annotator "TA"]
[PlyCount "147"]
[EventDate "2018.07.07"]
[EventType "team-tourn"]
[EventCountry "GER"]
[SourceTitle "playchess.com"]
[Source "ChessBase"]
[SourceQuality "1"]

{[%evp 31,147,115,124,124,112,124,116,113,123,117,187,163,175,146,146,133,129,141,133,123,150,148,162,116,118,116,116,110,114,110,164,146,162,145,187,174,224,193,240,148,149,102,110,80,122,121,131,125,131,131,139,0,134,114,114,106,129,129,122,114,178,166,169,165,191,198,176,173,218,213,204,193,310,221,216,153,153,152,222,154,260,361,453,453,438,438,438,212,226,169,221,0,148,0,0,0,0,0,0,0,0,0,0,0,0,0,0,0,79,0,0,0,0,0,0,0,0,0]} 1. c4 {Marin,M} e6 2. d4 Nf6 3. Nc3 d5 4. cxd5 exd5 5. Bg5 Be7 6. e3 Nbd7 7. Qc2 O-O 8. Bd3 Re8 9. Nge2 Nf8 10. O-O c6 11. f3 Nh5 12. Bxe7 Qxe7 13. e4 dxe4 14. fxe4 Be6 15. e5 {D36: Queen's Gambit Declined: Exchange Variation: Main line (5 Bg5 c6 6 Qc2)} Rad8 16. Ne4 Bd5 {LiveBook: 4 Games} 17. Rf2 $1 {White is better.} Bxe4 18. Bxe4 Nf6 $146 ({Predecessor:} 18... g6 19. Raf1 Rd7 20. Bd3 Ne6 21. Bc4 Qh4 22. Qb3 Nhg7 {1-0 (53) Bruzon Batista,L (2662)-Soppe,G (2432) Buenos Aires 2005 CBM 109 [Marin,M]}) 19. Bxc6 bxc6 20. exf6 gxf6 (20... Qe4 $16 21. Qxe4 Rxe4) 21. Qxc6 Ne6 22. Qc3 Ng5 {Threatening ...Ne4.} 23. Ng3 Ne4 24. Nxe4 Qxe4 25. Rd1 f5 26. Qg3+ Kf8 27. Qf4 {Hoping for Qh6+.} Rd5 28. Qh6+ Kg8 29. Qg5+ Kf8 30. Qf6 Re6 (30... Qg4 $16 31. Rdf1 Qxd4 32. Qxd4 Rxd4) 31. Qh8+ $18 Ke7 32. Qb8 a5 33. h3 h5 34. Kh1 Kf6 35. Rdf1 {Strongly threatening Rf4.} Kg7 36. Qg3+ Rg6 37. Qf3 Qxd4 38. Qxh5 Qe4 39. Qf3 Qd4 40. Qf4 Qd3 41. Qf3 Qd4 42. Qc3 Qxc3 43. bxc3 $16 {[%cal Bb2c3,Bc3c4][%mdl 4128] Endgame KRR-KRR} Rg5 44. c4 Rc5 45. Rf4 Kg6 (45... Rg3 $16 {is a better defense.}) 46. Kh2 $18 Re5 47. R1f2 Rh5 48. Rc2 Rc5 49. Rd4 Kf6 50. Rd5 Rxd5 51. cxd5 {KR-KR} Ke5 (51... Rh4 $142 52. Rd2 Ke7) 52. Rc5 a4 53. Rc4 Kxd5 54. Rxa4 Rh8 55. Rb4 Rc8 (55... Ra8 $16) 56. a4 Rc3 57. h4 {[%cal Bh3h4,Bh4h5][%mdl 32]} Ke5 {[#]} 58. h5 $1 Kf6 {[#]} 59. Rb6+ $1 Kg7 60. a5 Ra3 (60... f6 {might work better.} 61. Ra6 f4) 61. a6 f6 $1 62. Kg1 (62. Rb7+ $16 Kh6 63. Ra7) 62... Kh6 $11 63. Rxf6+ Kxh5 64. Rb6 Kg4 65. Kf2 f4 66. Ke2 Kg3 67. Rg6+ Kh4 $1 68. Kd2 Kh5 69. Rb6 Kg4 (69... Ra2+ $11 70. Kc3 Rxg2) 70. Rg6+ ({Better is} 70. Kc1 $16) 70... Kf5 {The position is equal.} 71. Rg8 {Black must now prevent Ra8.} Rxa6 72. Ke2 Ra3 73. Kf2 Rb3 74. Rf8+ {Precision: White = 65%, Black = 56%.} 1/2-1/2

[Event "WTCC-50 2018"]
[Site "Radebeul"]
[Date "2018.07.11"]
[Round "5"]
[White "Kudrin, Sergey"]
[Black "Vollak, Andreas"]
[Result "1/2-1/2"]
[WhiteElo "2468"]
[BlackElo "2027"]
[Annotator "ChessBase"]
[PlyCount "46"]
[EventDate "2018.07.07"]
[EventType "team-tourn"]
[EventCountry "GER"]
[SourceTitle "playchess.com"]
[Source "ChessBase"]
[SourceQuality "1"]
[TimeControl "40/5400+30:1800+30"]

1. e4 {[%emt 0:00:00]} e6 {[%emt 0:00:00]} 2. d4 {[%emt 0:00:00]} d5 {[%emt 0:00:00]} 3. Nd2 {[%emt 0:00:00]} dxe4 {[%emt 0:00:19]} 4. Nxe4 {[%emt 0:00:02]} Nd7 {[%emt 0:00:34]} 5. g3 {[%emt 0:12:35]} Ngf6 {[%emt 0:02:29]} 6. Nxf6+ {[%emt 0:00:13]} Nxf6 {[%emt 0:00:34]} 7. Bg2 {[%emt 0:00:09]} c5 {[%emt 0:04:15]} 8. Ne2 {[%emt 0:00:41]} Bd6 {[%emt 0:03:30]} 9. O-O {[%emt 0:03:47]} O-O {[%emt 0:02:14]} 10. c4 {[%emt 0:01:23]} Qc7 {[%emt 0:11:21]} 11. Nc3 {[%emt 0:21:28]} Bd7 {[%emt 0:07:53]} 12. Be3 {[%emt 0:09:24]} cxd4 13. Bxd4 {[%emt 0:00:55]} Be7 {[%emt 0:15:42]} 14. Qe2 {[%emt 0:08:55]} Rac8 {[%emt 0:03:46]} 15. b3 {[%emt 0:01:24]} Bc6 {[%emt 0:07:30]} 16. Nb5 {[%emt 0:06:49]} Bxb5 {[%emt 0:05:25]} 17. cxb5 {[%emt 0:00:03]} Rfd8 {[%emt 0:03:02]} 18. Rfd1 {[%emt 0:07:03]} h6 {[%emt 0:10:09]} 19. a4 {[%emt 0:02:25]} Nd5 {[%emt 0:04:46]} 20. a5 {[%emt 0:07:33]} b6 {[%emt 0:02:08]} 21. axb6 {[%emt 0:06:02]} axb6 {[%emt 0:00:14]} 22. Qg4 {[%emt 0:00:35]} Bf8 {[%emt 0:01:18]} 23. h4 {[%emt 0:03:26]} Qc2 {[%emt 0:01:48]} 1/2-1/2

[Event "WTCC-50 2018"]
[Site "Radebeul"]
[Date "2018.07.11"]
[Round "5"]
[White "Plaskett, H James"]
[Black "Levin, Felix"]
[Result "1/2-1/2"]
[WhiteElo "2455"]
[BlackElo "2468"]
[Annotator "TA"]
[PlyCount "19"]
[EventDate "2018.07.07"]
[EventType "team-tourn"]
[EventCountry "GER"]
[SourceTitle "playchess.com"]
[Source "ChessBase"]
[SourceQuality "1"]

{[%evp 14,19,34,0,6,-37,-37,-45]} 1. e4 e5 2. Nf3 Nf6 3. d4 Nxe4 4. Bd3 d5 5. Nxe5 Nd7 6. Nxd7 Bxd7 7. O-O Bd6 8. Nd2 {LiveBook: 3 Games. C43: Petroff Defence: 3 d4} (8. c4 O-O 9. c5 Be7 10. Qc2 Bf6 11. Be3 Re8 12. Nd2 Bf5 13. Nf3 Bg6 14. Rfe1 Re6 15. Bf4 Qe7 {½-½ (33) Nakamura,H (2787)-Zherebukh,Y (2640) Saint Louis 2018}) 8... O-O ({Don't play} 8... Qh4 $6 9. g3 $16) 9. Nf3 $146 ({Predecessor:} 9. Qh5 f5 10. Nf3 Be8 11. Qh3 Qf6 12. Bxe4 dxe4 13. Ng5 h6 14. Qb3+ Kh8 15. Ne6 Bf7 {0-1 (37) Ehrenfried,S (2112)-Weiler,W (2218) Germany 2008}) 9... Re8 10. c4 1/2-1/2

[Event "WTCC-50 2018"]
[Site "Radebeul"]
[Date "2018.07.11"]
[Round "5"]
[White "Meister, Jakob"]
[Black "Hebden, Mark L"]
[Result "1/2-1/2"]
[WhiteElo "2432"]
[BlackElo "2423"]
[Annotator "TA"]
[PlyCount "111"]
[EventDate "2018.07.07"]
[EventType "team-tourn"]
[EventCountry "GER"]
[SourceTitle "playchess.com"]
[Source "ChessBase"]
[SourceQuality "1"]

{[%evp 14,111,-20,-27,11,8,17,6,30,20,22,-6,0,0,0,0,20,17,23,9,32,22,16,20,27,-28,0,0,5,4,0,0,0,-10,-8,-20,-8,-10,0,0,0,-7,0,-15,-4,-16,0,0,0,0,0,0,0,0,0,0,0,7,33,5,31,0,0,0,0,0,10,0,17,-8,0,-8,-8,-8,-8,-8,-8,-12,-11,-8,0,0,0,0,0,0,0,0,0,0,0,0,0,0,0,0,0,0,0,-930]} 1. e4 e5 {[%cal Be7e5,Be5d4][%mdl 32]} 2. Nf3 Nc6 3. Bc4 Nf6 4. d4 exd4 5. e5 Ne4 6. O-O Be7 7. c3 {C56: Two Knights: 4 d4 exd4 5 0-0 Nxe4} d5 8. Bb3 {LiveBook: 3 Games} Nc5 9. cxd4 Nxb3 10. Qxb3 Rb8 11. Nc3 Be6 12. Be3 O-O 13. Ne2 $146 ({Predecessor:} 13. Rad1 Na5 14. Qc2 Bg4 {1-0 (41) Kupreichik,V (2575)-Beliavsky,A (2620) Frunze (Kirgiziya) 1981}) 13... Na5 14. Qd3 Nc4 15. Bc1 Qd7 16. Ng3 f6 17. b3 fxe5 18. dxe5 Na5 19. Nd4 (19. Ng5 $142 Bxg5 20. Bxg5) 19... Nc6 (19... c5 $5 {[%cal Rc5d4]} 20. Nxe6 Qxe6 $11) 20. Nxc6 bxc6 21. f4 g6 $1 22. Be3 c5 23. Rac1 d4 24. Bd2 Qb5 25. Qe4 Qb7 26. Qe2 Qb5 27. Qe4 Qd7 28. Rf2 Rb6 29. Qd3 Qd5 30. f5 Bxf5 31. Nxf5 gxf5 32. Rxf5 Rg6 {[%csl Gg6][%cal Rd5g2] [#]} 33. g3 Rxf5 34. Qxf5 Qe6 35. Qe4 Kg7 36. Kg2 h5 37. Rf1 h4 {The position is equal.} 38. Rf5 hxg3 39. hxg3 Qc6 40. Qf3 {[#] Black must now prevent Rf7+.} Kg8 41. Rf4 (41. Ba5 {keeps more tension.} c4 42. Qxc6 Rxc6 43. bxc4 Rxc4 44. Kf3) 41... Qxf3+ 42. Rxf3 $11 {[%mdl 4096] Endgame KRB-KRB} Ra6 43. a4 c4 44. bxc4 Rxa4 {And now ...Ra2 would win.} 45. Kf2 Rxc4 46. Ke2 Ra4 47. Rb3 Kf7 48. Rb7 Ke6 49. Rxc7 Bd8 50. Rc6+ Kxe5 {...Ke4 is the strong threat.} 51. Bf4+ Kf5 52. Rc5+ Kg4 53. Rd5 Bf6 54. Kd3 a5 55. Be5 Bxe5 56. Ke4 $2 {[%mdl 40960] Precision: White = 68%, Black = 47%. . An unexpected result.} (56. Rxe5 $11 Kxg3 57. Rd5) 1/2-1/2

[Event "WTCC-50 2018"]
[Site "Radebeul"]
[Date "2018.07.11"]
[Round "5"]
[White "Penzold, Andreas"]
[Black "Benjamin, Joel"]
[Result "0-1"]
[WhiteElo "2389"]
[BlackElo "2544"]
[Annotator "ChessBase"]
[PlyCount "52"]
[EventDate "2018.07.07"]
[EventType "team-tourn"]
[EventCountry "GER"]
[SourceTitle "playchess.com"]
[Source "ChessBase"]
[SourceQuality "1"]
[TimeControl "40/5400+30:1800+30"]

1. c4 {[%emt 0:00:00]} e5 {[%emt 0:00:00]} 2. Nc3 {[%emt 0:00:00]} Bb4 {[%emt 0:00:00]} 3. Nd5 {[%emt 0:00:46]} Bc5 {[%emt 0:00:02]} 4. Nf3 {[%emt 0:00:50]} c6 {[%emt 0:00:33]} 5. Nc3 {[%emt 0:01:24]} d6 {[%emt 0:00:26]} 6. d4 {[%emt 0:03:22]} exd4 {[%emt 0:00:33]} 7. Nxd4 {[%emt 0:00:08]} Nf6 {[%emt 0:00:33]} 8. Nb3 {[%emt 0:06:12]} Bb4 {[%emt 0:05:36]} 9. Qd3 {[%emt 0:02:44]} Nbd7 {[%emt 0:10:02]} 10. a3 {[%emt 0:05:46]} Ne5 {[%emt 0:00:14]} 11. Qg3 {[%emt 0:00:29]} Bxc3+ {[%emt 0:01:55]} 12. Qxc3 {[%emt 0:00:10]} O-O {[%emt 0:08:16]} 13. Bf4 {[%emt 0:05:46]} Re8 {[%emt 0:03:59]} 14. Nd2 {[%emt 0:14:27]} h6 {[%emt 0:23:03]} 15. e3 {[%emt 0:03:41]} Ng6 {[%emt 0:00:18]} 16. Bg3 {[%emt 0:00:07]} d5 {[%emt 0:01:45]} 17. Be2 {[%emt 0:00:18]} Bg4 {[%emt 0:04:18]} 18. Qd4 {[%emt 0:18:15]} Bxe2 {[%emt 0:01:55]} 19. Kxe2 {[%emt 0:00:06]} Qa5 {[%emt 0:08:02]} 20. b4 {[%emt 0:02:24]} Qa6 {[%emt 0:00:59]} 21. Rhc1 {[%emt 0:01:43]} Rad8 {[%emt 0:01:12]} 22. Ke1 {[%emt 0:01:05]} Ne4 {[%emt 0:02:18]} 23. c5 {[%emt 0:02:59]} f5 {[%emt 0:02:09]} 24. f3 {[%emt 0:02:10]} Ng5 {[%emt 0:00:49]} 25. Bd6 {[%emt 0:10:55]} Ne6 {[%emt 0:02:46]} 26. Qc3 {[%emt 0:00:21]} Nef4 {[%emt 0:01:29]} 0-1

[Event "WTCC-50 2018"]
[Site "Radebeul"]
[Date "2018.07.11"]
[Round "5"]
[White "Casper, Thomas"]
[Black "Gempe, Thomas"]
[Result "1-0"]
[WhiteElo "2354"]
[BlackElo "2178"]
[Annotator "NA"]
[PlyCount "87"]
[EventDate "2018.07.07"]
[EventType "team-tourn"]
[EventCountry "GER"]
[SourceTitle "playchess.com"]
[Source "ChessBase"]
[SourceQuality "1"]
[TimeControl "40/5400+30:1800+30"]

1. Nf3 {[%emt 0:00:00]} Nf6 {[%emt 0:01:13]} 2. g3 {[%emt 0:00:05]} d5 {[%emt 0:00:55]} 3. Bg2 {[%emt 0:00:23]} Bf5 {[%emt 0:00:48]} 4. d3 {[%emt 0:02:15]} h6 {[%emt 0:00:25]} 5. O-O {[%emt 0:01:24]} e6 {[%emt 0:00:17]} 6. Nbd2 {[%emt 0:01:40]} Be7 {[%emt 0:01:33]} 7. b3 {[%emt 0:04:51]} O-O {[%emt 0:00:33]} 8. Bb2 {[%emt 0:00:09]} c5 {[%emt 0:00:30]} 9. Ne5 {[%emt 0:02:22]} Nfd7 {[%emt 0:09:47]} 10. e4 {[%emt 0:09:02]} dxe4 {[%emt 0:00:59]} 11. dxe4 {[%emt 0:00:13]} Bh7 {[%emt 0:00:41]} 12. Nxd7 {[%emt 0:04:25]} Nxd7 {[%emt 0:02:22]} 13. Nc4 {[%emt 0:01:48]} Qc7 {[%emt 0:00:14]} 14. a4 {[%emt 0:01:56]} Bf6 {[%emt 0:05:45]} 15. Bxf6 {[%emt 0:14:49]} Nxf6 {[%emt 0:00:06]} 16. Qd6 {[%emt 0:00:44]} Rac8 {[%emt 0:04:14]} 17. f3 {[%emt 0:00:27]} Rfd8 {[%emt 0:01:17]} 18. Qxc7 {[%emt 0:00:30]} Rxc7 {[%emt 0:00:16]} 19. Rfd1 {[%emt 0:00:17]} Rcd7 {[%emt 0:00:16]} 20. Rxd7 {[%emt 0:00:33]} Rxd7 {[%emt 0:00:06]} 21. Kf2 {[%emt 0:01:48]} Ne8 {[%emt 0:04:52]} 22. Ke2 {[%emt 0:03:46]} f6 {[%emt 0:01:49]} 23. Rd1 {[%emt 0:05:48]} Rxd1 {[%emt 0:01:06]} 24. Kxd1 {[%emt 0:03:38]} Kf8 {[%emt 0:06:15]} 25. f4 {[%emt 0:15:48]} b6 {[%emt 0:00:28]} 26. Kd2 {[%emt 0:06:59]} Ke7 {[%emt 0:00:41]} 27. e5 {[%emt 0:00:57]} Kd7 {[%emt 0:03:12]} 28. c3 {[%emt 0:00:23]} Nc7 {[%emt 0:10:48]} 29. a5 {[%emt 0:05:43]} b5 {[%emt 0:01:49]} 30. Nd6 {[%emt 0:00:05]} fxe5 {[%emt 0:05:17]} 31. fxe5 {[%emt 0:00:12]} Bb1 {[%emt 0:07:23]} 32. Nb7 {[%emt 0:06:21]} c4 {[%emt 0:04:02]} 33. b4 {[%emt 0:01:57]} Bg6 {[%emt 0:02:59]} 34. Ke3 {[%emt 0:01:07]} Be8 {[%emt 0:08:13]} 35. Nd6 {[%emt 0:01:48]} Kd8 {[%emt 0:00:54]} 36. Nxe8 {[%emt 0:01:36]} Kxe8 {[%emt 0:01:06]} 37. Kd4 {[%emt 0:00:27]} Kd7 {[%emt 0:06:23]} 38. Kc5 {[%emt 0:00:16]} a6 {[%emt 0:00:05]} 39. Bc6+ {[%emt 0:00:44]} Ke7 {[%emt 0:00:45]} 40. Kb6 {[%emt 0:00:53]} Kd8 {[%emt 0:00:44]} 41. Kb7 {[%emt 0:09:03]} g5 {[%emt 0:06:23]} 42. g4 {[%emt 0:02:17]} Nd5 {[%emt 0:00:36]} 43. Kxa6 {[%emt 0:00:42]} Nxc3 {[%emt 0:00:17]} 44. Kb7 {[%emt 0:00:56]} 1-0